| 000 | 00818nam a2200205 a 4500 | ||
|---|---|---|---|
| 003 | 0 | ||
| 005 | 20250218142123.0 | ||
| 008 | 110617s19uu xx 00 eng d | ||
| 050 |
_aPHS HQ 799.2.P44 _b.R11 2011 |
||
| 100 | _aRa, Won Wook. | ||
| 245 |
_aSatisfaction in physical appearance and self esteem of selected fourth year students of Southville International School and Colleges / _cRa Won Wook. |
||
| 260 |
_aLas PiƱas City, Philippines : _bSouthville International School and Colleges, _c2011. |
||
| 300 |
_a25 pages : _billustrations ; _c28 cm. |
||
| 504 | _aIncludes bibliographical references. | ||
| 650 | _aBody image in adolescence. | ||
| 650 | _aSelf-esteem in adolescence. | ||
| 650 |
_aPersonal appearance _xSocial aspects. |
||
| 650 |
_aSelf-perception _xPsychological aspects. |
||
| 942 |
_2lcc _cPASS |
||
| 999 |
_c98523 _d98523 |
||